Davidson S Principles and Practice of Medicine (Record no. 20892)

MARC details
000 -LEADER
fixed length control field 00383nam a22001577a 4500
003 - CONTROL NUMBER IDENTIFIER
control field SGT
020 ## - INTERNATIONAL STANDARD BOOK NUMBER
International Standard Book Number 9780702070273
082 ## - DEWEY DECIMAL CLASSIFICATION NUMBER
Classification number 610
Item number D18R
100 ## - MAIN ENTRY--PERSONAL NAME
Personal name RALSTONE, STUART.
245 ## - TITLE STATEMENT
Title Davidson S Principles and Practice of Medicine
250 ## - EDITION STATEMENT
Edition statement 23rd
260 ## - PUBLICATION, DISTRIBUTION, ETC. (IMPRINT)
Place of publication, distribution, etc NEW DELHI
Name of publisher, distributor, etc ELSEVIER INDIA
Year of Publication 2018
300 ## - PAGE DESCRIPTION
No. of Pages 1-1417
650 ## - SUBJECT ADDED ENTRY--TOPICAL TERM
Topical term or geographic name as entry element GENERAL MEDICINE
942 ## - ADDED ENTRY ELEMENTS (KOHA)
Source of classification or shelving scheme Dewey Decimal Classification
Koha item type Books
942 ## - ADDED ENTRY ELEMENTS (KOHA)
-- 30
Holdings
Withdrawn status Lost status Source of classification or shelving scheme Damaged status Not for loan Home library Current library Shelving location Date acquired Vendor Name Cost, normal purchase price SGTU Bill Number Total Checkouts Full call number Accession No. (Barcode) Date last seen Date last borrowed Bill Date Koha item type
    Dewey Decimal Classification     SGT Dental Library SGT Dental Library Text Book 04/03/2021 AHUJA BOOK COMPANY 2675.00 SGTU 12616 13 610 D18R FD8247 14/05/2024 01/05/2024 27/01/2021 Books
    Dewey Decimal Classification     SGT Dental Library SGT Dental Library Text Book 04/03/2021 AHUJA BOOK COMPANY 2675.00 SGTU 12616 14 610 D18R FD8248 02/04/2024 02/04/2024 27/01/2021 Books
    Dewey Decimal Classification     SGT Dental Library SGT Dental Library Text Book 04/03/2021 AHUJA BOOK COMPANY 2675.00 SGTU 12616 4 610 D18R FD8249 17/04/2025 17/04/2025 27/01/2021 Books